000 00617cam a2200217 4500
008 090401t1997 xxu||||| |||| 00| 0 eng d
020 _a011753398X
035 _a(Sirsi) u77991
041 _aeng
110 _aUnited Kingdom
_bDepartment of the Environment
_9982
245 _aEnergy Conservation Act 1996.
260 _aLondon
_bStationery Office
_c1997
300 _a10p. ; 30cm.
350 _a4.95
490 _aDoE Circular
_v5/97 22 April 1997
520 _aSupplementary to DoE Circular 2/96.
650 _aENERGY CONSERVATION ACT 1996
690 _aENERGY
_96237
942 _n0
948 _c28/04/1997
999 _c96376
_d96376